000 01068cam a2200301 a 4500
001 16735991
003 OSt
005 20180116192416.0
008 110414s2012 enkae 001 0 eng
010 _a 2011016356
020 _a9780415595155 (hardback : alk. paper)
020 _a9780415595162 (pbk. : alk. paper)
040 _aDLC
_cDLC
_dDLC
042 _apcc
050 0 0 _aNA2750
_b.P6953 2012
082 0 0 _a720
_222
100 1 _aPressman, Andy.
_96584
245 1 0 _aDesigning architecture :
_bthe elements of process /
_cAndrew Pressman.
246 3 0 _aElements of process
260 _aLondon ;
_aNew York :
_bRoutledge,
_cc2012.
300 _a205 p. :
_bcol. ill., plans ;
_c29 cm.
500 _aIncludes index.
650 0 _aArchitectural design.
_96585
906 _a7
_bcbc
_corignew
_d1
_eecip
_f20
_gy-gencatlg
942 _2ddc
_cBK
999 _c353712
_d353712